Les Simpson - Questions aléatoires (4) - Statistiques

Statistiques générales
  • Ce quiz a été pris 266 fois
  • Le résultat moyen est 7 sur 10
Statistiques - réponses
Question Réponse % Correct
Dans quel pays Homer a-t-il racheté un pub (un bar) avec son père ? en Irlande
98%
Où habitent Les Simpson ? 742 Evergreen Terrace
93%
Dans quel pays Homer et son père sont-ils allés pour faire de la contrebande de médicaments qu'ils ne pouvaient plus se procurer États-Unis ? au Canada
80%
Quand Moe retourne à l'université pour apprendre à améliorer son bar, à qui le confie-t-il le temps de son absence ? à Homer
76%
Comment s'appelle le responsable des éboueurs ? Ray Patterson
76%
En dehors d'une voiture, qu'achète Burns au palais du gaucher ? un ouvre-boîte
76%
Que gagne Lisa lorsqu'elle prouve qu'il existe une raison chimique à la violence des grosses brutes envers les intellos ? un bon d'achat pour un magasin de vêtement
59%
Dans quel bar Homer se rend-il quand il se fait jeter du bar de Moe pour avoir gâché la surprise d'anniversaire pour Lenny ? le Nid-Bar
54%
Combien d'argent donne Burns à l'hôpital de Springfield pour impressionner Arthur Fortune ? 200 000 $
49%
Quel message Bart a-t-il écrit sur son t-shirt qui a fait se révolter toute l'école ? à bas les devoirs
34%
Aucun quiz correspondant
Distribution des résultats
% des personnes avec chaque résultat
Percentile par nombre de réponses
Votre historique - résultats
Vous n’avez pas pris ce quiz